00318nam a2200133Ia 4500003000400000005001700004008004100021020001900062040002700081100001900108245004000127260000800167260000900175OSt20240220104302.0170524s9999 xx 000 0 und d a978-0028018218 cIIMT UNIVERSITY MEERUT aLeach Donald P 0aDigital Principles and Applications bTMH c2006